Sintaktika: (Record no. 8427)

MARC details
000 -LEADER
fixed length control field 00746nam a22002297a 4500
003 - CONTROL NUMBER IDENTIFIER
control field OSt
005 - DATE AND TIME OF LATEST TRANSACTION
control field 20260218022903.0
008 - FIXED-LENGTH DATA ELEMENTS--GENERAL INFORMATION
fixed length control field 260218b |||||||| |||| 00| 0 eng d
040 ## - CATALOGING SOURCE
Original cataloging agency DWC-Main lib
Transcribing agency OC
082 ## - DEWEY DECIMAL CLASSIFICATION NUMBER
Classification number Fil.,499.211 S618 2020
100 ## - MAIN ENTRY--PERSONAL NAME
Personal name Ariola, Jelyzer Carmela N.
245 ## - TITLE STATEMENT
Title Sintaktika:
Remainder of title komprehensibong talakay sa ugnayang pangwika/
260 ## - PUBLICATION, DISTRIBUTION, ETC.
Place of publication, distribution, etc. [no place of publication]:
Name of publisher, distributor, etc. [no publisher],
Date of publication, distribution, etc. c2020.
300 ## - PHYSICAL DESCRIPTION
Extent 59 pages:
Other physical details illustration;
Dimensions 27 cm.
504 ## - BIBLIOGRAPHY, ETC. NOTE
Bibliography, etc. note Includes bibliographical references.
650 ## - SUBJECT ADDED ENTRY--TOPICAL TERM
Topical term or geographic name entry element 1. Language and languages.
700 ## - ADDED ENTRY--PERSONAL NAME
Personal name Ria D. Navales
700 ## - ADDED ENTRY--PERSONAL NAME
Personal name Gladys Ann B. Perez
700 ## - ADDED ENTRY--PERSONAL NAME
Personal name Eddie M. Potentado Jr.
700 ## - ADDED ENTRY--PERSONAL NAME
Personal name Rizalyn Sahagun
942 ## - ADDED ENTRY ELEMENTS (KOHA)
Source of classification or shelving scheme Dewey Decimal Classification
Koha item type Book-Filipiniana
Call number prefix Fil.
Suppress in OPAC No
952 ## - LOCATION AND ITEM INFORMATION (KOHA)
--
Holdings
Withdrawn status Lost status Source of classification or shelving scheme Damaged status Not for loan Home library Current library Shelving location Date acquired Source of acquisition Cost, normal purchase price Total Checkouts Full call number Barcode Date last seen Copy number Price effective from Koha item type Uniform Resource Identifier
    Dewey Decimal Classification     College Library College Library Filipiniana 10/04/2025 School Fund 300.00   Fil. 499.211 S618 2020 CL54580 02/18/2026 c1 02/18/2026 BK - FIL